Non-Food 2000. Agro-Industrial. Research Information : AIR Programme Final Project Result disseminated under FAIR-CT96-1904. EUR 19307

Na minha lista:
Detalhes bibliográficos
Main Authors: Coombs, Jim (Author), Hall, Katy (Author)
Formato: Livro
Idioma:inglês
Publicado em: Newbury : CPL Scientific Ltd, 2000
Tags: Adicionar Tag
Sem tags, seja o primeiro a adicionar uma tag!

MARC

LEADER 00000nam a22000003a 4500
001 stu61270
005 20150617225650.4
008 010920s2000----uk------------------eng-d
020 |a 1-872691-22-6 
040 |a STU  |b slo 
041 0 |a eng 
044 |a uk 
080 |a 662.756.3 
100 1 |a Coombs, Jim  |4 aut 
245 1 |a Non-Food 2000. Agro-Industrial. Research Information :  |b AIR Programme Final Project Result disseminated under FAIR-CT96-1904. EUR 19307 
260 |a Newbury :  |b CPL Scientific Ltd,  |c 2000 
300 |a 304 s 
500 |a European Commission 
700 1 |a Hall, Katy  |4 aut 
996 |b C96677  |c C*96677  |l CCV  |s P  |a 0  |w stu61270_0001